| 000 | 02209nam a22002417a 4500 | ||
|---|---|---|---|
| 003 | GR-AtMCL | ||
| 005 | 20250806122835.0 | ||
| 006 | a|||||r|||| 00| 0 | ||
| 008 | 250806b |||||||| |||| 00| 0 eng d | ||
| 020 | _a9789604023462 | ||
| 040 |
_aGR-AtMCL _bgre _dGR-AtMCL _eAACR2 |
||
| 100 |
_aΣακκαλής, Παναγιώτης Γ. _99992 |
||
| 245 | 1 | 0 |
_aΑπειροστικός λογισμός και πραγματική άλγεβρα / _cΠαναγιώτης Γ. Σακκαλής |
| 250 | _a3η έκδ. | ||
| 260 |
_aΑθήνα : _bΤυπωθήτω, _c2008 |
||
| 300 |
_a541σ. ; _c25εκ. |
||
| 500 | _aΕυρετήριο: σ. 533-541 | ||
| 520 | _aΟ Απειροστικός Λογισμός είναι ένα από τα μεγαλύτερα επιτεύγματα του ανθρώπινου πνεύματος. Εμπνεόμενοι από προβλήματα της Αστρονομίας, ο Νεύτων και ο Leibniz ανέπτυξαν τις βασικές ιδέες του Απειροστικού Λογισμού 300 χρόνια πριν. Από τότε, κάθε αιώνας ανέδειξε τη δύναμη του Απειροστικού Λογισμού μέσα από προβλήματα των Μαθηματικών, των Φυσικών Επιστημών, της Μηχανικής και των Βιολογικών Επιστημών. Σ' αυτό το βιβλίο παρουσιάζουμε μια εισαγωγή στα βασικά στοιχεία του Απειροστικού Λογισμού. Επίσης, για πρώτη φορά στην ελληνική βιβλιογραφία, περιλαμβάνουμε ένα κεφάλαιο με στοιχεία Υπολογιστικής Άλγεβρας. Το βιβλίο είναι γραμμένο, κυρίως, για πρωτοετείς φοιτητές των ΑΕΙ και ΤΕΙ και αποτελεί μια φυσική συνέχεια μαθηματικών εννοιών που κάποιος διδάχθηκε στη δευτεροβάθμια εκπαίδευση. | ||
| 650 | 0 | 0 |
_aΆλγεβρα _99993 |
| 650 | 0 | 0 |
_aEngineering _99979 |
| 942 | _cBK | ||
| 999 |
_c9884 _d9884 |
||